Introduction To Artificial Neural Systems (Record no. 312267)

MARC details
000 -LEADER
fixed length control field 00438nam a2200169Ia 4500
008 - FIXED-LENGTH DATA ELEMENTS--GENERAL INFORMATION
fixed length control field 230718s9999 xx 000 0 und d
020 ## - INTERNATIONAL STANDARD BOOK NUMBER
International Standard Book Number 9788172246501
041 ## - LANGUAGE CODE
Language code of text/sound track or separate title eng
082 ## - DEWEY DECIMAL CLASSIFICATION NUMBER
Classification number 006.32
Item number ZUR
100 ## - MAIN ENTRY--PERSONAL NAME
Personal name Zurada J.M.
245 ## - TITLE STATEMENT
Title Introduction To Artificial Neural Systems
260 ## - PUBLICATION, DISTRIBUTION, ETC. (IMPRINT)
Date of publication, distribution, etc. 2005
Name of publisher, distributor, etc. Jaico Publishing House
300 ## - PHYSICAL DESCRIPTION
Extent 683
365 ## - TRADE PRICE
Currency code Rs.
Price amount 350.00
700 ## - ADDED ENTRY--PERSONAL NAME
Personal name Zurada J.M.
906 ## - LOCAL DATA ELEMENT F, LDF (RLIN)
d 25514/30.01.2006
c COMP
b 20
Holdings
Withdrawn status Lost status Damaged status Not for loan Home library Current library Date acquired Vendor Budget Code Cost, normal purchase price Bill number Total Checkouts Full call number Barcode Date last seen Date last checked out Discount Cost, replacement price Bill Date Koha item type Original Barcode
        Cummins College of Engineering for Women Pune Cummins College of Engineering for Women Pune 30/01/2006 Pradeep Book Distributors COMP 330.00 25514/30.01.2006 1 006.32 CCEP-BK-23474 22/03/2024 16/03/2024 20 350.00 30/01/2006 Books 023474